[Event "Ruhrgebiet Verbandsklasse Gruppe 1 1516"]
[Site "Germany"]
[Date "2016.04.24"]
[Round "9.7"]
[White "Koenitz, Wilfried"]
[Black "Balke, Reiner"]
[Result "0-1"]
[WhiteElo "1443"]
[BlackElo "1831"]
[PlyCount "72"]
[EventDate "2015.09.06"]
[EventType "team-tourn"]
[EventRounds "9"]
[EventCountry "GER"]
[SourceTitle "EXT 2022"]
[Source "ChessBase"]
[SourceDate "2021.10.06"]
[SourceVersion "1"]
[SourceVersionDate "2021.10.06"]
[SourceQuality "1"]
[WhiteTeam "Osterfeld Schwarze Dame"]
[BlackTeam "Sodingen/Castrop SK III"]
[WhiteTeamCountry "GER"]
[BlackTeamCountry "GER"]

1. e4 c5 2. f4 g6 3. Nf3 Nc6 4. Bc4 e6 5. 0-0 Bg7 6. e5 d5 7. Bb5 Nge7 8. c3 c4 9. d4 cxd3 10. Bxc6+ bxc6 11. Qxd3 a5 12. Rf2 Ba6 13. Qd4 0-0 14. g4 Qc7 15. Be3 Rfc8 16. Qd2 c5 17. Na3 Rd8 18. Rc1 Rac8 19. Re2 Bxe2 20. Qxe2 Rb8 21. Nb5 Qc6 22. a4 Nc8 23. b4 axb4 24. cxb4 Qa6 25. Bxc5 Qxa4 26. Nfd4 Bf8 27. Nc6 Rxb5 28. Nxd8 Bxc5+ 29. bxc5 Rb4 30. c6 Rxf4 31. h3 Qa3 32. Kg2 Qxc1 33. Kg3 g5 34. h4 Qg1+ 35. Kh3 Qh1+ 36. Kg3 Qxh4+ 0-1

[Event "Rheinhausen-ch 11th"]
[Site "Duisburg Rheinhausen"]
[Date "2007.01.26"]
[Round "2"]
[White "Denzer, Wilfried"]
[Black "Koenitz, Wilfried"]
[Result "0-1"]
[WhiteElo "1348"]
[BlackElo "1530"]
[PlyCount "94"]
[EventDate "2007.01.12"]
[EventType "swiss"]
[EventRounds "7"]
[EventCountry "GER"]
[SourceTitle "EXT 2018"]
[Source "ChessBase"]
[SourceDate "2017.10.13"]
[SourceVersion "1"]
[SourceVersionDate "2017.10.13"]
[SourceQuality "1"]

1. e4 e5 2. Nc3 Nc6 3. a3 Bc5 4. Nf3 f5 5. d3 f4 6. b4 Bb6 7. Nd5 d6 8. Nxb6 cxb6 9. Be2 Nf6 10. Bb2 Be6 11. c4 Rg8 12. Bc3 g5 13. Kd2 Nh5 14. g3 Qf6 15. b5 Ne7 16. Nxe5 dxe5 17. Bxh5+ Ng6 18. Qf3 0-0-0 19. Kc2 Ne7 20. Bg4 Bxg4 21. Qxg4+ Kb8 22. Raf1 Qd6 23. Qd1 Qxa3 24. Bxe5+ Ka8 25. Bb2 Qd6 26. g4 a6 27. Qd2 axb5 28. Ra1+ Kb8 29. Kc3 bxc4 30. d4 Nc6 31. Ba3 Qe6 32. Rhe1 Nxd4 33. e5 Nb5+ 34. Kc2 Nxa3+ 35. Rxa3 Rxd2+ 36. Kxd2 Rd8+ 37. Kc2 Rd3 38. Rxd3 cxd3+ 39. Kxd3 b5 40. f3 Kc7 41. Rc1+ Kb6 42. Ke4 b4 43. Rd1 Kc7 44. Rc1+ Kd7 45. Rd1+ Ke7 46. Rd4 Qc6+ 47. Rd5 Ke6 0-1